Tras las huellas de Sócrates : reflexiones sobre la ejemplaridad y la educación del carácter /

Bibliographic Details
Main Author: Aleixandre Blasco, Ángel (Author)
Other Authors: Martínez Mares, Sara (Editor), Fuentes, Juan Luis (Editor)
Format: Electronic eBook
Language:Spanish
Published: Madrid : Dykinson, S.L., [2024]
Series:Dykinson eBook.
Subjects:
Online Access:Digitalia Hispánica

MARC

LEADER 00000nam a2200000 i 4500
001 DIGDYK3919
003 NyNyDIG
007 cr |||||||||||
008 250401s2024 sp ob 000 0 spa d
006 m o d
035 |a (OCoLC)1493371975 
040 |a DGITA  |b eng  |e rda  |e pn  |c DGITA 
020 |a 9788410709034  |q eBook 
024 7 |a 10.14679/3735  |2 doi 
050 1 4 |a LC251 ebook 
245 0 0 |a Tras las huellas de Sócrates :  |b reflexiones sobre la ejemplaridad y la educación del carácter /  |c Sara Martínez Mares, Juan Luis Fuentes (editores) ; Ángel Aleixandre Blasco [and 20 others]. 
264 1 |a Madrid :  |b Dykinson, S.L.,  |c [2024] 
300 |a 1 online resource. 
336 |a text  |b txt  |2 rdacontent 
337 |a computer  |b c  |2 rdamedia 
338 |a online resource  |b cr  |2 rdacarrier 
347 |a text file  |2 rdaft 
347 |b PDF 
490 1 |a Dykinson eBook  
504 |a Includes bibliographical references. 
588 0 |a Online resource; title from PDF title page (Digitalia, viewed April 1, 2025) 
650 0 |a Moral education. 
650 0 |a Education  |x Moral and ethical aspects. 
700 1 |a Martínez Mares, Sara,  |e editor. 
700 1 |a Fuentes, Juan Luis,  |e editor. 
700 1 |a Aleixandre Blasco, Ángel,  |e author. 
791 2 |a Digitalia (Firm),  |e distributor. 
793 0 |g Digitalia eBook Collection:  |a Dykinson Editorial 
830 0 |a Dykinson eBook. 
856 4 0 |3 Digitalia Hispánica  |u https://www.digitaliapublishing.com/a/170785/ 
910 |a Premium collection: 2025